| 000 | 00431nam a22001697a 4500 | ||
|---|---|---|---|
| 003 | NUST - PNEC | ||
| 005 | 20170116181150.0 | ||
| 008 | 151112b xxu||||| |||| 00| 0 eng d | ||
| 020 | _a8175154683 | ||
| 040 | _cLIBRARY | ||
| 082 | _a515.14 RAO | ||
| 100 |
_915347 _aRao, H.S.G. |
||
| 245 |
_aEngineering mathematics Vol.4 _cRao, H.S.G. |
||
| 260 | _cc.2004 | ||
| 650 |
_915348 _aEngineering Mathematics _xME |
||
| 942 |
_2ddc _cBK |
||
| 999 |
_c70917 _d70917 |
||